| 000 | 00685nam a2200241Ia 4500 | ||
|---|---|---|---|
| 003 | OSt | ||
| 005 | 20221005092659.0 | ||
| 006 | a|||||r|||| 00| 0 | ||
| 007 | ta | ||
| 008 | 221004b |||||||| |||| 00| 0 eng d | ||
| 024 | _a121162 | ||
| 037 |
_bGift, 15/09/2012, _cTextual |
||
| 040 |
_aCRL _cCRL _beng |
||
| 041 |
_2eng _aeng |
||
| 082 | _aO113,3M83x, 111H8 | ||
| 100 | _aKafka Franz | ||
| 245 | 0 |
_aPeanal colony _b Stories and short pieces |
|
| 260 |
_aNew York _bSchocken Books _c1948 |
||
| 300 |
_a317p. _ccm. |
||
| 650 | _aENGLISH LITERATURE | ||
| 942 |
_hO113,3M83x, 111H8 _cTEXL _2cc |
||
| 999 |
_c999190 _d999190 |
||